Contenido mínimo del censo agropecuario de 1983 de acuerdo con los requerimientos de la planificación /
Сохранить в:
| Главный автор: | |
|---|---|
| Другие авторы: | |
| Формат: | Текст |
| Опубликовано: |
San José:
ADEC
|
| Предметы: | |
| Метки: |
Добавить метку
Нет меток, Требуется 1-ая метка записи!
|
MARC
| LEADER | 00000 a a2200000 04500 | ||
|---|---|---|---|
| 001 | 15130 | ||
| 003 | |||
| 040 | |||
| 090 | |a 022600 | ||
| 100 | |a Pacheco, José Joaquín | ||
| 245 | |a Contenido mínimo del censo agropecuario de 1983 de acuerdo con los requerimientos de la planificación / |c José Joaquín Pacheco | ||
| 260 | |a San José: |b ADEC | ||
| 300 | |a 7 p. | ||
| 650 | |a CENSO AGROPECUARIO | ||
| 650 | |a MARCO INSTITUCIONAL | ||
| 650 | |a PLANIFICACION | ||
| 650 | |a RECOMENDACIONES | ||
| 700 | |a Cambronero, Diego | ||
| 999 | |c 14502 |d 14502 | ||
